Caleb McLaughlin Filmography - Statistics

General Stats
  • This quiz has been taken 27 times
    6 since last reset
  • The average score is 6 of 33
Answer Stats
Type Year Name % Correct
Web Series 2016-2025 Stranger Things
80%
Film 2020 Concrete Cowboy
40%
Film 2026 GOAT
40%
TV Show 2013 Law & Order: Special Victims Unit
40%
TV Show 2017 Lip Sync Battle
40%
Short Film 2012 Noah Dreams of Origami Fortunes
40%
Theater 2012-2014 The Lion King
40%
Film 2024 American Dream: The 21 Savage Story
20%
TV Show 2016 Blue Bloods
20%
Film 2019 Dora and the Lost City of Gold
20%
TV Show 2018 Final Space
20%
TV Show 2014 Forever
20%
Film 2019 High Flying Bird
20%
TV Show 2016 Shades of Blue
20%
Film 2023 Shooting Stars
20%
TV Show 2018, 2021 Summer Camp Island
20%
Film 2023 The Book of Clarence
20%
Film 2024 The Deliverance
20%
TV Mini-Series 2017 The New Edition Story
20%
TV Show 2013 Unforgettable
20%
TV Show 2015 What Would You Do?
20%
Web Series 2020 Bookmarks
0%
Web Series 2019 Brawl with the Stars
0%
Commercial 2022 Domino's
0%
Commercial 2019-2020 Finish Line
0%
Theater 2014 Mr. Magoo's Christmas Carol
0%
Commercial 2020 NBA
0%
Commercial 2013 Old Navy
0%
Podcast 2025 Sacrilege: Curse of the Mbirwi
0%
Music Video 2017 Santa's Coming for Us
0%
Web Series 2022 The Boys Presents: Diabolical
0%
Theater 2015 The Painted Rocks at Revolver Creek
0%
Web Series 2021 Ultra City Smiths
0%
No matching quizzes found
Score Distribution
Percent of People with Each Score
Percentile by Number Answered
Your Score History
You have not taken this quiz since the last reset